| 000 | 01357nam a22003737a 4500 | ||
|---|---|---|---|
| 003 | CHAP | ||
| 005 | 20220329135351.0 | ||
| 008 | 971013s1974 r 00010 d | ||
| 010 | _a35152 | ||
| 011 | _a36124 | ||
| 035 | _a40243 | ||
| 040 | _cCHAP | ||
| 082 |
_a547 _bO6Y |
||
| 110 |
_aOpen University. Bletchley, England _983359 |
||
| 245 | _aCompuestos covalentes | ||
| 260 |
_aColón, Panamá : _bMcGraw-Hill Latinoamericana, _c1974 |
||
| 300 | _a107 p. | ||
| 490 |
_aCurso básico de ciencias _v; 10 |
||
| 590 |
_aBATCH-UPD _b10 _c20130110 _lUCH01 _h0139 |
||
| 590 |
_aBATCH-UPD _b10 _c20130110 _lUCH01 _h2052 |
||
| 590 |
_aBATCH-UPD _b10 _c20130409 _lUCH01 _h2137 |
||
| 590 |
_aBATCH-UPD _b10 _c20130410 _lUCH01 _h1406 |
||
| 590 |
_aBATCH-UPD _b10 _c20130914 _lUCH01 _h1132 |
||
| 590 |
_aCONVERSION _b10 _c20130109 _lUCH01 _h1320 |
||
| 650 | 1 | 4 |
_aQuímica orgánica. _993598 |
| 830 | 0 |
_aCurso básico de ciencias _v; 10 _930566 |
|
| 901 | _aBK | ||
| 942 | _cLIBRO | ||
| 949 |
_a547 O6Y _bBC _cLIBRO _d33724000395406 _eLIBRO _fc.5 _h60169 _i40243 _si |
||
| 949 |
_a547 O6Y _bBC _cLIBRO _d33724000443636 _eLIBRO _h60165 _i40243 _si |
||
| 949 |
_a547 O6Y _bBC _cLIBRO _d33724000443644 _eLIBRO _fc.2 _h60166 _i40243 _si |
||
| 949 |
_a547 O6Y _bBC _cLIBRO _d33724000443768 _eLIBRO _fc.3 _h60167 _i40243 _si |
||
| 949 |
_a547 O6Y _bBC _cLIBRO _d33724002207040 _eLIBRO _fc.4 _h60168 _i40243 _si |
||
| 999 |
_c35152 _d35152 |
||